000 00363nam a2200157Ia 4500
008 210210b1955 xxu||||| |||| 00| 0 eng d
041 _aeng
082 _a829/473
100 _aGREAVE (Peter)
245 _aSecond miracle
260 _aLondon
_bChatto & Windus
_c1955
650 _aSecond
650 _amiracle
690 _aEnglish Fiction
906 _a017076
999 _c137034
_d137034